First Names Of Arsenal Players - Statistics

General Stats
  • This quiz has been taken 1,089 times
    1,088 since last reset
  • The average score is 24 of 31
Answer Stats
# First Name Player % Correct
11 Mesut Özil
95%
14 Theo Walcott
95%
8 Mikel Arteta
94%
17 Alexis Sanchez
93%
12 Olivier Giroud
93%
19 Santiago Cazorla
93%
16 Aaron Ramsey
92%
23 Danny Welbeck
92%
10 Jack Wilshere
92%
24 Hector Bellerin
91%
15 Alex Oxlade-Chamberlain
90%
4 Per Mertesacker
88%
27 Serge Gnabry
87%
18 Ignacio Monreal
86%
13 David Ospina
85%
6 Laurent Koscielny
81%
3 Kieran Gibbs
77%
7 Tomas Rosicky
77%
33 Petr Chech
76%
21 Calum Chambers
72%
5 Gabriel Armando de Abreu (Paulista)
72%
34 Francis Coquelin
70%
25 Carl Jenkinson
68%
26 Emiliano Martinez
65%
22 Yaya Sanogo
64%
20 Mathieu Flamini
61%
32 Chuba Akpom
59%
2 Mathieu Debuchy
58%
1 Wojciech Szczesny
56%
28 Joel Campbell
55%
42 Isaac Hayden
46%
No matching quizzes found
Score Distribution
Percent of People with Each Score
Percentile by Number Answered
Your Score History
You have not taken this quiz since the last reset